|
|
|
|
| LEADER |
00000nab a2200000uu 4500 |
| 001 |
vtls011518855 |
| 003 |
SK-MaSNL |
| 005 |
20260303181322.0 |
| 008 |
230704|1947 xo |||||||||||||||||slo| |
| 015 |
|
|
|a SNBRB
|
| 035 |
|
|
|a (urnnbn)urn:nbn:sk:snk:ar-001z9k
|
| 035 |
|
|
|a (uuid)d34f27bf-84c5-4ae5-86de-a5ab98980562
|
| 035 |
|
|
|a urn:nbn:sk:snk-abe7p9
|
| 040 |
|
|
|a SNKBUCL
|b slo
|c SNKBUCL
|e AACR2
|
| 041 |
0 |
|
|a slo
|
| 044 |
|
|
|a xo
|c SK
|
| 100 |
1 |
|
|a Kusý, Ivan,
|d 1921-2000
|4 aut
|9 104521
|
| 245 |
1 |
0 |
|a Zoltán Rampák: Divadelné zápisky
|c Ivan Kusý
|
| 773 |
0 |
|
|t Slovenské pohľady
|g Roč. 63, č. 10 (1947), s. 648-650
|
| 850 |
|
|
|a Slovenská národná knižnica
|
| 852 |
|
|
|a Slovenská národná knižnica
|
| 954 |
|
|
|a odborná, vedecká literatúra pôvodná (slovenská)
|2 lita
|
| 958 |
|
|
|a OND
|
| 958 |
|
|
|a EUIPO
|
| 958 |
|
|
|a article21
|
| 999 |
|
|
|c 2111021
|d 2112951
|